Tilastot visalle Kasvojen Osat

Klikkaa tästä pelataksesi tätä visaa!

Yleistilastot

  • Tätä visaa on pelattu 972 kertaa
  • Keskiarvotulos 7 / 12

Vastaustilastot

Vastaus% Oikein
nenä
98%
silmät
98%
suu
93%
poski
89%
korvat
87%
kulmakarvat
71%
hampaat
47%
hiukset
45%
kieli
32%
silmäluomet
9%
päärynä
3%
välilehdet
1%

Tulosjakauma

Persentiili vastausten määrän mukaan

Jokaisen tuloksen saaneiden osuus

Tuloshistoriasi

Et ole pelannut tätä visaa